Retratos proustianos de cortesanas

Saved in:
Bibliografiske detaljer
Hovedforfatter: Saint-Simon, Loius de (Author)
Format: Bog
Sprog:spansk
Udgivet: Barcelona Tusquets 1985
Serier:Marginales, 86
Fag:
Tags: Tilføj Tag
Ingen Tags, Vær først til at tagge denne postø!

MARC

LEADER 00000nam a2200000 a 4500
001 UCS2995
003 CL-VaPUC
008 970611e19850000SP |||||||||||||||||spa|d
082 0 4 |a 923.1  |b SAI  |2 21 
100 0 |a Saint-Simon, Loius de  |e author  |9 388948 
245 1 0 |a Retratos proustianos de cortesanas 
300 |a 257 p 
942 |c BK 
945 |d 19970611 00:00:00  |a amoreno 
260 |a Barcelona  |b Tusquets  |c 1985 
600 0 7 |a LUIS IV  |2 CL-VaPUC  |9 388949 
650 7 |a REYES  |2 CL-VaPUC  |9 349627 
650 7 |a MONARQUIAS  |2 CL-VaPUC  |9 388950 
650 7 |a FAMILIA REAL  |2 CL-VaPUC  |9 388951 
650 7 |a DUQUES  |2 CL-VaPUC  |9 388952 
650 7 |a PRINCIPES  |2 CL-VaPUC  |9 388953 
650 7 |a PRINCESAS  |2 CL-VaPUC  |9 388954 
651 0 |a Francia  |9 255157 
583 |a last modification  |c 20180227 06:10:48  |k Rodrigo Vera 
490 0 |a Marginales, 86 
999 |c 260867  |d 260865 
952 |0 0  |1 0  |4 0  |6 923_100000000000000_SAI_1985  |7 0  |8 A  |9 287480  |a BIBART  |b BIBART  |d 2019-11-19  |i 3320936  |o 923.1 SAI 1985  |p 3320936  |r 2025-03-13  |w 2019-11-19  |y BK  |k ART